| 000 | 01210aab a2200205 i 4500 | ||
|---|---|---|---|
| 001 | 768714001 | ||
| 003 | CO-MdFUSB | ||
| 005 | 20240422090902.0 | ||
| 008 | 220913s1994 ag ||||| |||| 00| 0 spa d | ||
| 040 |
_bspa _cCO-MdFUSB _dCO-MdFUSB |
||
| 041 | _aspa | ||
| 100 | 1 |
_aCamargo López, Jesús _eautor |
|
| 245 | 3 |
_aEl SIDA y la familia _c/ Jesús Camargo López , Carmen Pérez de Camargo |
|
| 300 |
_aVolumen 13, número 4 (octubre - diciembre, 1994), páginas: 18 - 20 _c; 27 cm |
||
| 520 | _aEl SIDA está desafiando la educación familiar, las políticas de salud pública, la orientación religiosa y la existencia de la propia estructura social. De todo estos participantes es la familia la que mejor podría responder a los desafíos de lograr una eficaz labor de prevención. Y es la familia la que encuentra en esta moderna epidemia una de sus mayores amenazas. Las iglesias tendrán que proveer espacios y libertad para que las familias organicen una respuesta más adecuada a esta epidemia. | ||
| 653 | _aSIDA | ||
| 700 | 1 | _aPérez de Camargo, Carmen | |
| 773 | 0 |
_tIglesia y Misión _049402 _959645 _gVolumen 13, número 4 (octubre - diciembre, 1994), páginas: 18 - 20 _qpágina: 18 |
|
| 942 | _cANA | ||
| 999 |
_c52092 _d52092 |
||